| 000 | 01585cam a2200325 a 4500 | ||
|---|---|---|---|
| 001 | rc 01001211 | ||
| 003 | DLC | ||
| 005 | 20260227111902.0 | ||
| 008 | 830616s1846 paubf 000 0deng | ||
| 010 | _arc 01001211 | ||
| 040 |
_aDLC _cDLC _dDLC |
||
| 043 | _an-usp-- | ||
| 050 | 0 | 0 |
_aF592 _b.S12 |
| 100 | 1 |
_aSage, Rufus B., _d1817-1893. |
|
| 245 | 1 | 0 |
_aScenes in the Rocky Mountains, and in Oregon, California, New Mexico, Texas, and the grand prairies, or, Notes by the way, during an excursion of three years : _bwith a description of the countries passed through, including their geography, geology, resources, present condition, and the different nations inhabiting them / _cby a New Englander. |
| 246 | 3 | 0 | _aScenes in the Rocky Mountains, and in Oregon, California, New Mexico, Texas, and the grand prairies |
| 246 | 3 | 0 | _aNotes by the way, during an excursion of three years |
| 260 |
_aPhiladelphia : _bCarey & Hart, _c1846. |
||
| 300 |
_a303 p., [1] folded leaf of plates : _b1 map ; _c19 cm. |
||
| 500 | _aPublished pseudonymously. Written by Rufus B. Sage. Cf. Wagner-Camp. | ||
| 510 | 4 |
_aChecklist Amer. imprints, _c46-6211 |
|
| 510 | 4 |
_aWagner-Camp (4th ed.), _c123:1 |
|
| 500 |
_aLC copy's map acquired separately, by exchange, Dec. 1948, and placed in volume Feb. 1949. _5DLC |
||
| 651 | 0 |
_aWest (U.S.) _xHistory _yTo 1848. |
|
| 651 | 0 |
_aWest (U.S.) _xDescription and travel. |
|
| 651 | 0 |
_aRocky Mountains _xDescription and travel. |
|
| 650 | 0 |
_aIndians of North America _zWest (U.S.) |
|
| 650 | 0 |
_aHunting _zWest (U.S.) |
|
| 600 | 1 | 0 |
_aSage, Rufus B., _d1817-1893. |
| 999 |
_c52027 _d52027 |
||